| 000 | 00946nam a22003137a 4500 | ||
|---|---|---|---|
| 001 | BR3600060 | ||
| 003 | BR-BrBNA | ||
| 005 | 20230928082856.0 | ||
| 007 | ta | ||
| 008 | 230509b bl.||||| |||| 00| 0 por d | ||
| 040 |
_aBR-BrBNA _bpor _cBiblioteca Nacional de Agricultura |
||
| 041 | _a(Por) | ||
| 072 |
_aF00 _b0430 _b/G514 |
||
| 090 | _ 0430 BR3600060 | ||
| 100 | 1 | _aBarroso, L.J. | |
| 110 | 1 |
_aDepartamento Nacional da Produccao Vegetal, Rio de Janeiro, GB (Brasil). Servico de Plantas Texteis _93255 |
|
| 245 | 1 |
_aCultura dos algodoeiros herbaceos [Gossypium herbaceum, pratica cultural, Brasil] _bConselhos e notas |
|
| 260 | 3 |
_aRio de Janeiro, GB (Brasil): _c1936. |
|
| 300 | _a20 p. | ||
| 650 | _aALGODAO HERBACEO | ||
| 650 | _aSOLO | ||
| 650 | _aCULTIVO DO SOLO | ||
| 650 | _aPLANTIO | ||
| 650 | _aESPACAMENTO | ||
| 650 | _aCOLHEITA | ||
| 650 | _aDEFESA VEGETAL | ||
| 909 |
_a202309 _bLucia _c55 _dLucia Elande |
||
| 942 | _cBK | ||
| 999 |
_c10394 _d10394 |
||